02023 a2200181 450000100040000000500170000400800410002100300150006204000400007708000390011724500980015602000220025426400340027630000230031050512960033310000260162985601860165522920260407155415.0260407a2009 arg spa dAR-UNSa-BCEJYS aAR-UNSa-BCEJYSbspacAR-UNSa-BCEJYS a657.6xAuditoria (control interno)10aTratado de informes de auditoría, revisión, otros aseguramientos y servicios relacionados a978-987-01-0954-9 1aBuenos Aires :bErreparc2009 axl, 647 p.c22 cm. a1. Las Normas de auditoría Argentina - 2. Análisis del contenido de la Resolución Técnica 7, Normas de Auditoría - 3. El informe breve o resumido - 4. Opinión favorable sin salvedades - 5. Opinión favorable con salvedades - 6. Obstención de opinión - 7. Opinión Adversa - 8. Opinión Parcial - 9. Opinión sobre estados contables financieros consolidados - 10. Negocios de único propietario - 11. Informe extenso - 12. Informe sobre estados contables financieros de períodos intermedios - 13. Informes especiales - 14. Certificaciones - 15. Comparación entre estándares internacionales y normas nacionales - 16. Marco conceptual internacional para los compromisos de seguridad - 17. Aspectos destacados de la auditoría basada en riesgos y la nueva visión de la auditoría financiera - 18. Auditoría financiera de pymes - 19. Compromisos de revisión de estados financieros anuales e intermedios - 20. Otros compromisos de aseguramiento - 21. Examén de información financiera prospectiva - 22. Compromisos para desempeñar procedimientos previamente acordados respecto de información financiera - 23. Compromisos para compilación de estados financieros - 24. Informes de auditoría en el marco de los estándares internacionales de Auditoría1 aCasal, Armando Miguel41uhttps://biblioeco.unsa.edu.ar/pmb/images/libros/Tratado de informes de auditoria, revision, otros aseguramientos y servicios relacionados2-l117490.jpgyImagen de portadaqimage/jpeg